Las zonas de reserva campesina : (Registro nro. 20358)

Detalles MARC
000 -CABECERA
Campo de control 01113nam a22002537a 4500
005 - FECHA Y HORA DE LA ULTIMA TRANSACCION
Campo de control 20181117161411.0
008 - ELEMENTOS DE LONGITUD FIJA—INFORMACION GENERAL
Campo de control 181117s2017 ck ad|||r|||| 00| 0 spa d
020 ## - ISBN
ISBN 9789251307991
040 ## - FUENTE DE CATALOGACIÓN
Agencia catalogadora original CO-BoIAVH
Agencia transcriptora CO-BoIAVH
041 0# - IDIOMA
Código de idioma para texto/pista de sonido o título separado Español
044 ## - PAÍS DE PUBLICACIÓN
País de publicación Colombia
082 04 - NUMERO DE CLASIFICACION DECIMAL DEWEY
Número de clasificación 333.76068
Número del ítem Z75r
245 04 - MENCION DE TITULO
Título Las zonas de reserva campesina :
Parte restante del título Retos y experiencias significativas en su implementención /
Mención de responsabilidad coordinación por Alejandra Vega Rodríguez
250 ## - MENCION DE EDICION
Mención de edición Primera edición
260 ## - PUBLICACION, DISTRIBUCION, ETC. (PIE DE IMPRENTA)
Lugar de publicación, distribución, etc. Bogotá (Colombia) :
Nombre del editor, distribuidor, etc. Organización de las Naciones Unidas para la Alimentación y la Agricultura,
Fecha de publicación, distribución, etc. 2018.
300 ## - DESCRIPCION FISICA
Extensión 510 páginas :
Otros detalles físicos ilustraciones a color y gráficas ;
Dimensiones 24 x 17 cm.
504 ## - NOTA DE BIBLIOGRAFIA, ETC.
Nota de bibliografía Incluye referencias bibliográficas.
650 26 - ASIENTO SECUNDARIO DE MATERIA - TERMINO TEMATICO
9 (RLIN) 101410
Término temático o nombre geográfico como elemento de entrada Tierras agrícolas
Subdivisión geográfica Colombia
650 26 - ASIENTO SECUNDARIO DE MATERIA - TERMINO TEMATICO
9 (RLIN) 101412
Término temático o nombre geográfico como elemento de entrada Gobernanza de la tierra
Subdivisión general Campesinado
Subdivisión geográfica Colombia
650 26 - ASIENTO SECUNDARIO DE MATERIA - TERMINO TEMATICO
9 (RLIN) 19246
Término temático o nombre geográfico como elemento de entrada Reservas naturales
Subdivisión general Campesinado
Subdivisión geográfica Colombia
700 1# - ASIENTO SECUNDARIO - NOMBRE PERSONAL
9 (RLIN) 101413
Nombre personal Vega Rodríguez, Alejandra
Término de relación coordinadora
710 2# - ASIENTO SECUNDARIO - NOMBRE CORPORATIVO
9 (RLIN) 23493
Nombre corporativo o de jurisdicción como elemento de entrada Organización de las Naciones Unidas para la Alimentación y la Agricultura (FAO)
942 ## - ELEMENTOS ADICIONALES (KOHA)
Sistema de clasificación Dewey Decimal Classification
Tipo de ítem Libro
Existencias
Withdrawn status Lost status Sistema de Clasificación Damaged status No para préstamo Colección Ubicación Permanente Ubicación actual Fecha de adquisición Total Checkouts Número topográfico Inventario / Código de Barras Date last seen Ejemplar Price effective from Forma de adquisición Tipo de material
    Dewey Decimal Classification     General Bogotá Bogotá 17/11/2018   LB-333.76068 Z75r 030200 17/11/2018 Ej. 1 17/11/2018 Donación Libro